000
00324 a2200157 4500
001
176033
020
_a
040
_c
Magnum
100
_a
Rocha, Natercia
240
1
0
_a
Um gato sem nome
_l
por
245
1
0
_a
Um gato sem nome
362
0
_a
1899
440
1
_a
Melhoramentos
697
_a
MAGNITO: IJ/GERAL
942
_c
BK
999
_c
176033
_d
176033